Statistics for Guess world languages

Click here to take the quiz!

General Stats

  • This quiz has been taken 47 times
    (15 since last reset)
  • The average score is 8 of 13

Answer Stats

QuestionAnswer% Correct
My name is Tony and I have a nice blue carEnglish
93%
Hallo, ich bin Barry und wohne in KölnGerman
93%
Ciao, mi chiamo MarioItalian
93%
Я из САНКТ-ПЕТЕРБУРГАRussian
93%
παίζω μπάσκετGreek
87%
私の名前はアンタナスですJapanese
80%
Ես 15 տարեկան եմ և սովորում եմ 9-րդ դասարանումArmenian
67%
Nono ya kare mahaifinaHausa
67%
Bærinn minn heitir SerfhausIcelandic
53%
Bývam blízko poľských hranícSlovak
40%
N tun bɛ ntolatan kɛBambara
27%
Ani Meksikoo irraan dhufeOromo
13%
Ман спагетти хӯрданро дӯст медорамTajik
13%

Score Distribution

Percentile by Number Answered

Percent of People with Each Score

Your Score History

You have not taken this quiz since the last reset